000 00729nam a22002177a 4500
999 _c16157
_d16157
003 AR-CdUCM
008 190502b ||||| |||| 00| 0 spa d
040 _aMUNICIPALIDAD PROVINCIAL DEL CUSCO
_cBIBLIOTECA MUNICIPAL DEL CUSCO
041 _hge
082 _a838.915 /
_bR573
100 _aRilke, Rainer María
_917514
245 _aCartas a un joven poeta /
260 _aBuenos Aires :
_bEds. Siglo Veinte,
_c1963.
300 _a125 páginas ;
_c20 cm.
505 _aContenido: Nota preliminar -- Prefacio de Franz Xaver Kappus -- Carta I -- Carta II -- Carta III...
650 _aLiteratura alemana
_993
650 _aSiglo XX.
_98
650 _aCorrespondencia
_95664
942 _2ddc
_cLIBROS
945 _adavv
_d02/05/2019